000 00497pab a2200181 454500
008 180718b2014 xxu||||| |||| 00| 0 eng d
100 _aMondak, Jeffery J.
245 _aPersonality and political culture in the American states
260 _c2014
300 _ap.26-41.
362 _aMar
650 _aUnited States - Poltics and government
650 _aPolitics and government
700 _aCanache, Damarys
773 _aPolitical Research Quarterly
908 _aN
909 _a103977
999 _c103973
_d103973